| 000 | 00442nam a2200169Ia 4500 | ||
|---|---|---|---|
| 005 | 20250508160017.0 | ||
| 008 | 008 250505s9999 xx 000 0 eng d | ||
| 037 | _aBooks to be hide in OPAC | ||
| 040 |
_aFEDL _beng _cFEDL |
||
| 041 |
_aeng _2eng |
||
| 084 | _qFEDL | ||
| 245 | 0 | _aAdministration report of the director of education for 1936 : Part IV | |
| 260 | _c1937 | ||
| 300 | _aA 90 | ||
| 942 | _cHB | ||
| 999 |
_c1360988 _d1360988 |
||